banner-ar

سارتر والوجودية : دراسة مبسطة وافية عن مفهوم الوجودية لدى سارتر فى اثارة الفلسفية والادبية (هدية من الاديب عبدالفتاح الجمل) / (Record no. 42049)

MARC details
000 -الفاتح
حقل البيانات ثابتة الطول 00760nam a2200205Ia 4500
008 - عناصر البيانات ثابتة الطول - معلومات عامة
حقل البيانات ثابتة الطول 140319s9999 xx 000 0 ara d
040 ## - مصدر الفهرسة
وكالة الفهرسة الأصلية GCL /
وكالة النسخ GCL
082 04 - رقم تصنيف ديوى العشرى
رقم التصنيف 142.7
رقم المادة ا س
100 1# - المدخل الرئيسى - إسم شخصى
الإسم الشخصى البيريس ر.م
245 10 - بيان العنوان
العنوان سارتر والوجودية : دراسة مبسطة وافية عن مفهوم الوجودية لدى سارتر فى اثارة الفلسفية والادبية (هدية من الاديب عبدالفتاح الجمل) /
بيان المسئوليه,etc البيريس ر.م
700 1# - المدخل الاضافى - اسم شخصى
الإسم الشخصى سيل اوريس
300 ## - الوصف المادى
التعداد 168 ص
490 ## - بيان السلسلة
عنوان السلسلة
650 04 - المدخل الاضافى بالموضوع-مصطلح موضوعى
مصطلح موضوعي الوجودية
650 04 - المدخل الاضافى بالموضوع-مصطلح موضوعى
مصطلح موضوعي الحاسبات الالكترونية
650 04 - المدخل الاضافى بالموضوع-مصطلح موضوعى
مصطلح موضوعي الفلسفة الغربية
650 04 - المدخل الاضافى بالموضوع-مصطلح موضوعى
مصطلح موضوعي سارتر، جان بول
942 ## - عناصر المدخل الإضافي( كوها)
مصدر التصنيف او مخطط الترفيف Dewey Decimal Classification
Koha [default] item type كتاب
Holdings
حالة التراجع حالة الفقد حالة تلف ليس للاعارة المكان المؤقت الموقع الحالى تاريخ الاكتساب اجمالي اﻻعارات رقم الطلب الباركود تاريخ اخر مشاهدة تاريخ تفعيل السعر نوع وعاء كوها
        مكتبة القاهرة الكبرى مكتبة القاهرة الكبرى 03/26/2014   142.7\ا س 101627 03/26/2014 03/26/2014 كتاب

Powered By

EGPV